| 000 | 00582nam a22001577a 4500 | ||
|---|---|---|---|
| 999 |
_c216511 _d216511 |
||
| 005 | 20260327115021.0 | ||
| 008 | 260327b ||||| |||| 00| 0 eng d | ||
| 040 |
_aLC _cUNZA _dUNZA _eRDA |
||
| 099 | _aGOV.ZAM (02) 2023 | ||
| 110 | _aMinistry of Home Affairs and Internal Secirity | ||
| 245 |
_aNational Refugee Policy / _cMinistry of Home Affairs and Internal Security |
||
| 260 |
_aLusaka : _bMinistry of Home Affairs and Internal Secirity, _c Novermber, 2023. |
||
| 300 |
_a24 pages : _billustrations. |
||
| 650 |
_aPolicy _xNational refugee policy _zZambia. |
||
| 942 | _cGOV-PUBS | ||